00710nam a2200241 a 4500001001300000003000900013005001700022008004100039020000900080082002100089100002200110245004500132260006200177300000900239500003500248505001000283650002300293700002200316902000800338942000700346952010000353999001500453nice12345678IN_TiNIC20260116011749.0050524s1958 hyda grp 000 0 eng  ac1500a909.0491411bABD aAbdul Latif, Syed aOutline of the Cultural History of India aHyderabadbInst.Of Indo-Middle East Cultural Studiec1958 a364p aincludes index and biblioraphy2 aIndex aCivilization-India1 aAbdul Latif, Syed bSRS cBK 00104070aHMIbHMId2007-06-05g15.00l0o909.0491411 ABDp06308r2007-06-05w2026-01-16yEB c3785d3785